000 00264nam a22001217a 4500
008 170602b xxu||||| |||| 00| 0 eng d
041 _aeng
080 _a94
100 _a18
101 _aSHH
245 _aCIVILISATION A PERSONAL VIEW
_cCLARK,K
942 _2udc
_cBK
999 _c15834
_d15834